000 00303nam a22001337a 4500
008 170622b xxu||||| |||| 00| 0 eng d
020 _a9780495007500
041 _aeng
080 _22ND
_a32
100 _a21
101 _aSHP
245 _aTHE POLITICS OF THE MIDDLE EAST
_cPALMER.M
942 _2udc
_cBK
999 _c18743
_d18743